00705 a2200157 45000010006000000050017000060080041000230030015000640400040000790800081001192450032002002640035002323000019002675050240002861000021005265382820260407155809.0260407a1967 arg spa dAR-UNSa-BCEJYS aAR-UNSa-BCEJYSbspacAR-UNSa-BCEJYS a342.5xPoderes del estado. Sistema y función de los órganos del gobierno10aEl gobierno y la economía 1aMéxico :bLimusa-Wileyc1967 a371 p.c18 cm. a1. El desarrollo de un vínculo – 2. El gobierno como promotor – 3. El gobierno como regulador: I – 4. El gobierno como regulador: II – 5. El gobierno como comprador – 6. El gobierno como administrador – 7. Las fronteras. 1 aMusolf, Lloyd D.